| 000 | 00967nam a22002771u 4500 | ||
|---|---|---|---|
| 001 | 06189 | ||
| 003 | HDC | ||
| 007 | cr bn --- | ||
| 008 | 210123p xx fo d 00 engg | ||
| 040 | _aHDC | ||
| 100 |
_aADZHAR B. ISAHAL _96508 |
||
| 245 | 0 |
_aHALAL LOGISTICS : _bHALAL PHARMACEUTICAL / _cby ADZHAR B. ISAHAL & NUR TASNIM BT KAMARUL ZAMAN |
|
| 260 |
_a[No place] : _b[publisher not identified], _c2013 |
||
| 300 |
_a16 pages : _bIllustrations |
||
| 336 |
_atext _2rdacontent |
||
| 337 |
_acomputer _2rdamedia |
||
| 338 |
_aonline resource _2rdacarrier |
||
| 650 |
_aHalal industry _9144 |
||
| 650 |
_aHalal logistics _9143 |
||
| 650 |
_aHalal pharmaceutical _94162 |
||
| 700 |
_aNUR TASNIM BT KAMARUL ZAMAN _96509 |
||
| 856 | _zRequest full-text at [email protected] | ||
| 942 | _2lcc | ||
| 942 | _cSLIDE | ||
| 942 | _kSLID 000707 | ||
| 999 |
_c3513 _d3513 |
||